000 00991nam a2200241 a 4500
001 000024492
005 20200930023212.0
008 110128s1969 ag r 001 0 spa d
040 _aDO-SdBNP
_bspa
_cBNPHU
041 1 7 _aspa
_heng
_2Código de idiomas MARC
082 _ann*
_bnn*
100 1 _aKarl, Frederick R.
_950195
240 1 2 _aA reader´s guide to great twentieth century english novels.
_lEspañol
245 1 0 _aGrandes novelas inglesas del siglo xx :
_bguía para el lector /
_cFrederick R. Karl y Marvin Magalaner ; traducción de Francisco Rivera.
260 _aCaracas :
_bEdiciones de la Biblioteca de la Universidad Central de Venezuela,
_c1969.
300 _a266 p. ;
_c21 cm.
534 _aTítulo de la obra en inglés :
_tA reader´s guide to great twentieth century english novels
500 _aIncluye índice analítico.
504 _aBibliografía : [259] p.
700 1 _aMagalaner, Marvin.
_950196
700 1 _aRivera, Francisco,
_etr.
_920660
049 _aBNGR
999 _c23985
_d23985